<?xml version="1.0" encoding="UTF-8"?><?xml-stylesheet type="text/xsl" href="static/style.xsl"?><OAI-PMH xmlns="http://www.openarchives.org/OAI/2.0/" xmlns:xsi="http://www.w3.org/2001/XMLSchema-instance" xsi:schemaLocation="http://www.openarchives.org/OAI/2.0/ http://www.openarchives.org/OAI/2.0/OAI-PMH.xsd"><responseDate>2026-04-17T17:06:32Z</responseDate><request verb="GetRecord" identifier="oai:www.recercat.cat:10230/72094" metadataPrefix="marc">https://recercat.cat/oai/request</request><GetRecord><record><header><identifier>oai:recercat.cat:10230/72094</identifier><datestamp>2025-12-05T15:32:32Z</datestamp><setSpec>com_2072_6</setSpec><setSpec>col_2072_452952</setSpec></header><metadata><record xmlns="http://www.loc.gov/MARC21/slim" xmlns:dcterms="http://purl.org/dc/terms/" xmlns:xsi="http://www.w3.org/2001/XMLSchema-instance" xmlns:doc="http://www.lyncode.com/xoai" xsi:schemaLocation="http://www.loc.gov/MARC21/slim http://www.loc.gov/standards/marcxml/schema/MARC21slim.xsd">
   <leader>00925njm 22002777a 4500</leader>
   <datafield ind2=" " ind1=" " tag="042">
      <subfield code="a">dc</subfield>
   </datafield>
   <datafield ind2=" " ind1=" " tag="720">
      <subfield code="a">Lialios, Dimitrios</subfield>
      <subfield code="e">author</subfield>
   </datafield>
   <datafield ind2=" " ind1=" " tag="720">
      <subfield code="a">Eguzkitza, Ane Betriz</subfield>
      <subfield code="e">author</subfield>
   </datafield>
   <datafield ind2=" " ind1=" " tag="720">
      <subfield code="a">Houzeaux, Guillaume</subfield>
      <subfield code="e">author</subfield>
   </datafield>
   <datafield ind2=" " ind1=" " tag="720">
      <subfield code="a">Casoni, Eva</subfield>
      <subfield code="e">author</subfield>
   </datafield>
   <datafield ind2=" " ind1=" " tag="720">
      <subfield code="a">Baumgartner, Laura</subfield>
      <subfield code="e">author</subfield>
   </datafield>
   <datafield ind2=" " ind1=" " tag="720">
      <subfield code="a">Noailly, Jérôme</subfield>
      <subfield code="e">author</subfield>
   </datafield>
   <datafield ind2=" " ind1=" " tag="720">
      <subfield code="a">Muñoz-Moya, Estefano</subfield>
      <subfield code="e">author</subfield>
   </datafield>
   <datafield ind2=" " ind1=" " tag="720">
      <subfield code="a">Gantenbein, Benjamin</subfield>
      <subfield code="e">author</subfield>
   </datafield>
   <datafield ind2=" " ind1=" " tag="720">
      <subfield code="a">Vázquez, Mariano</subfield>
      <subfield code="e">author</subfield>
   </datafield>
   <datafield ind2=" " ind1=" " tag="260">
      <subfield code="c">2025-12-02T06:53:54Z</subfield>
   </datafield>
   <datafield ind2=" " ind1=" " tag="260">
      <subfield code="c">2025-12-02T06:53:54Z</subfield>
   </datafield>
   <datafield ind2=" " ind1=" " tag="260">
      <subfield code="c">2025</subfield>
   </datafield>
   <datafield ind2=" " ind1=" " tag="520">
      <subfield code="a">Background and Objective: The finite element method is widely used for studying the intervertebral disc at the organ level due to its ability to model complex geometries. An indispensable requirement for proper modelling of the intervertebral disc is a reliable porohyperelastic framework that captures the elaborate underlying mechanics. The increased complexity of such models requires significant computational power that is available within high-performance computing systems. The objective of this study is to present such a framework, validated both against literature and experiments, aiming to enable intervertebral disc research to benefit from state-of-the-art computational resources. Methods: In the context of this work, we implement a biphasic model that captures the mechanical response of the intricate, tissue-dependent models of the solid phase along with the hydrostatic pressure effects of the fluid phase. The tissue-dependent models involve the hyperelastic ground substance, fibrillar reinforcement, and osmotic swelling. The derived porohyperelastic, staggered scheme is implemented in Alya, a finite element code targeted at high-performance computing applications. The formulation is subsequently verified and validated by comparing the results of consolidation simulations with literature data for simulations and experiments using either generic or patient-specific geometries. Additionally, in-house experiments are replicated, evaluating the model’s ability to simulate alternating loading. Finally, the implementation’s circadian response is compared to previous implementation of similar material models in commercial software. Results: Results align well with experimental and literature findings in terms of disc height reduction (4% error), intradiscal pressure (14% error) and disc bulging. Validating the patient-specific geometry results in 4% and 7% deviation in measuring height loss. Simulations show excellent agreement with in-house experimental results, with less than 1% error regarding height reduction. Finally, the comparison to similar, published, earlier implementation in commercial software unveils excellent agreement of less than 1% error for the water content during circadian simulations. Simulation times are reported at 4 min per circadian cycle in the supercomputer Marenostrum V. Conclusions: This work presents a clear and validated formulation for simulating porohyperelastic materials based on assumptions that comply with the non-linear elasticity theory. The implementation in Alya enables intervertebral disc research to benefit from high-performance computing systems.</subfield>
   </datafield>
   <datafield ind2=" " ind1=" " tag="520">
      <subfield code="a">Financial support was received from the Marie Skłodowska Curie International Training Network (ITN) “disc4all”, grant agreement #955735.</subfield>
   </datafield>
   <datafield ind1="8" ind2=" " tag="024">
      <subfield code="a">http://hdl.handle.net/10230/72094</subfield>
   </datafield>
   <datafield tag="653" ind2=" " ind1=" ">
      <subfield code="a">Intervertebral disc modelling</subfield>
   </datafield>
   <datafield tag="653" ind2=" " ind1=" ">
      <subfield code="a">Porohyperelasticity</subfield>
   </datafield>
   <datafield tag="653" ind2=" " ind1=" ">
      <subfield code="a">HPC systems</subfield>
   </datafield>
   <datafield tag="653" ind2=" " ind1=" ">
      <subfield code="a">Finite element methods</subfield>
   </datafield>
   <datafield tag="653" ind2=" " ind1=" ">
      <subfield code="a">Multiphysics coupling</subfield>
   </datafield>
   <datafield ind2="0" ind1="0" tag="245">
      <subfield code="a">A porohyperelastic scheme targeted at high-performance computing frameworks for the simulation of the intervertebral disc</subfield>
   </datafield>
</record></metadata></record></GetRecord></OAI-PMH>